Statistics for "Stan" Countries Quiz

Click here to take the quiz!

General Stats

  • This quiz has been taken 7 times
  • The average score is 4 of 7

Answer Stats

QuestionAnswer% Correct
Has Had 26 Different Flags
100%
Has The Longest Border in The World
71%
Dushanbe, The Capital, is Named After a Day of The Week
71%
Is Double Land-Locked (Neighbors Are Land-Locked Too)
57%
Mostly Desert
43%
The Name of The Country Consists of 2 Words in Different Languages
43%
Mostly Mountains
29%

Score Distribution

Percentile by Number Answered

Percent of People with Each Score

Your Score History

You have not taken this quiz